00709 2200205 4500001002100000005001500021035002000036008004100056082000800097245008100105260003800186100001900224300003400243700001800277520015300295084001200448650001600460650001500476990001200491INLIS00000000000183520260509024416 a0010-0521001835260509 g 0 dut  a92W1 aWilhelmina : een levensgeschiedenis in foto's /cJane de Iongh; M. Kohnstamn aAmsterdam :bDe Bezige Bij,c19480 aIONGH, Jane de axii, 159 p. :bill. ;c30 cm.0 aKOHNSTAMN, M. aRiwayat hidup Wilhelmina, ratu Belanda sejak lahir pada tahun 1880 sampai berhenti menjadi ratu tahun 1948 yang disajikan dalam bentuk kumpulan foto a92W WIL 4aBIOGRAPHIES 4aWILHELMINA a96 B 27